000 00664cam a2200229 4500
008 000000n2000 000 0 eng u
020 _a0860175448
035 _a(Sirsi) u108436
050 _a693.97
100 _aGibb, A.
245 _aStandardisation and pre-assembly : clients guide and toolkit
260 _aLondon
_bCIRIA
_c2000
300 _a1 toolkit (2 booklets) ; 30cm.
490 _aCIRIA Publication
_vC544
520 _aIncludes a disk which is not available for loan
650 _aPRE-ASSEMBLY
650 _aVALUE FOR MONEY
650 _aSTANDARDISATION
650 _aCONSTRUCTION PROJECTS
690 _aBUILT ENVIRONMENT
942 _n0
999 _c100790
_d100790